| 000 | 00573nam a2200181Ia 4500 | ||
|---|---|---|---|
| 008 | 190422s9999 xx 000 0 und d | ||
| 100 | _aRosenberg, Dennis | ||
| 245 | _aUse of e-government services in a deeply divided society: A test and an extension of the social inequality hypotheses / | ||
| 245 | _cDennis Rosenberg.-- | ||
| 260 | _bSage | ||
| 260 | _c2019 | ||
| 300 | _apages 464-482, February 2019 | ||
| 440 |
_aNew Media & Society _v21(2) |
||
| 650 | _aE-Government | ||
| 650 | _aEthnicity | ||
| 650 | _aSize of Locality | ||
| 650 | _aSocial Diversification | ||
| 999 |
_c361441 _d361441 |
||